000 00346nam a2200133Ia 4500
008 240624s9999 xx 000 0 und d
041 _aeng
082 _a658.1 REU
100 _aREUM COURTNEY
245 _aSHORTCUT YOUR STARTUP SPEED UP SUCCESS W
260 _c2018
_aNew York
_bGallery Books
300 _aviii, 246 p.; 23 cm.
365 _c
_b33
999 _c32404
_d32404